00856cam a22002297a 4500003000500000005001700005008004100022010001000063011001000073035001000083040000900093100003200102245017900134260009300313300001000406650003400416650003400450650003400484650003700518650003500555700003600590CHAP20220329142139.0000113d1998 co r 00010 spa d a79197 a80169 a90613 cCHAP00aPosadas Contreras, Claudia. 0aComportamiento comercial de la caña de azúcar cosechada en los valles de los ríos Cauca y Ridaralda, 1997c/por Claudia Posada Contreras y Carlos Adolfo Luna González aCali, Colombia :bCentro de Investigación de la Caña de Azúcar de Colombia,c1998. a68 p.14aCaña de azúcarxColombia.14aCaña de azúcarxColombia.14aCaña de azúcarxMercadeo.14aCaña de azúcarxRendimiento.14aIngenios azucarerosxColombia.0 aLuna González, Carlos Adolfo.